000
00313nam a22001457a 4500
008
221031b ||||| |||| 00| 0 eng d
020
_a
0070965609
041
_a
eng
080
_a
339.9
082
_a
339.9
100
_a
24.1
101
_a
GEO
245
_a
DIFFERENTIAL GEOMETRY
_c
PRAKASH N
942
_2
udc
_c
BK
999
_c
58705
_d
58705